| 000 | 00532nam a2200205Ia 4500 | ||
|---|---|---|---|
| 003 | OSt | ||
| 005 | 20230429104920.0 | ||
| 008 | 210423s2004 xx 000 0 und d | ||
| 020 | _a978-0-312-32072-0 | ||
| 040 | _cAL | ||
| 041 | _aeng | ||
| 082 |
_a299.93 _223 _bOSHI |
||
| 100 |
_aOSHO _995070 |
||
| 245 |
_aIntelligence _bCreative response to now |
||
| 260 |
_aNew York _bSt. Martins Griffin _c2004 |
||
| 300 |
_aviii,194 _bPB |
||
| 365 |
_b350 _cINR |
||
| 906 | _aCreative ; Intelligence ; now ; response | ||
| 942 |
_2ddc _cBK |
||
| 999 |
_c170460 _d170460 |
||